000 00395 a2200157 4500
001 74939
020 _a9788516080976
040 _cAnchieta - Colégio São Paulo
100 _aGuelli, Neuza Sanchez
240 1 0 _aProjeto Presente: Geografia, 4º ano
_lpor
245 1 0 _aProjeto Presente: Geografia, 4º ano
300 _a160
362 0 _a2012
650 4 _aGeografia e viagens
942 _cBK
999 _c74939
_d74939